Can you name these European country outlines? - Statistics

General Stats
  • This quiz has been taken 125 times
  • The average score is 14 of 16
Answer Stats
Picture Answer % Correct
italy
98%
norway
95%
greece
94%
spain
94%
uk
94%
austria
90%
germany
87%
denmark
86%
cyprus
84%
ukraine
83%
poland
82%
finland
81%
turkey
81%
hungary
78%
albania
74%
bulgaria
69%
No matching quizzes found
Score Distribution
Percent of People with Each Score
Percentile by Number Answered
Your Score History
You have not taken this quiz